000 00346 a2200145 4500
020 _a0671675494
082 _a332.05
090 _c3895
_d3895
100 _aLasser's ,J.K.
245 _aYour Money Manager
_cJ.K.Lasser's
260 _aNew York
_bSimon & Schuster
_c1986
300 _a78p
500 _aHard cover
942 _aNBS
_cBK
_k332.05 LAS
999 _c346356
_d346356